[Event "ICS rated blitz match"]
[Site "204.178.125.65"]
[Date "1999.11.04"]
[Round "?"]
[White "Hossa"]
[Black "MissSilicon"]
[Result "0-1"]
[WhiteElo "2484"]
[BlackElo "2669"]
[PlyCount "115"]
[EventDate "1999.??.??"]

1. e4 c5 2. Nf3 e6 3. d4 cxd4 4. Nxd4 Nc6 5. Nb5 d6 6. c4 Nf6 7. N1c3 a6 8. Na3
Be7 9. Be2 O-O 10. O-O b6 11. Be3 Ne5 12. Qd4 Ned7 13. Rad1 e5 14. Qd2 Nc5 15.
f3 Bd7 16. Nc2 Re8 17. Nb4 h6 18. Nbd5 Nxd5 19. Nxd5 Bh4 20. Nc3 Re6 21. b4 Na4
22. Nd5 Rg6 23. f4 Bh3 24. Bf3 Be6 25. Bh5 Bxd5 26. cxd5 Rf6 27. fxe5 dxe5 28.
Rxf6 Bxf6 29. Qc2 b5 30. Qc6 Nb2 31. Rf1 Nc4 32. Bc5 Nd2 33. Qb7 Nxf1 34. Qxf7+
Kh7 35. Kxf1 a5 36. Bg6+ Kh8 37. bxa5 Qxa5 38. a3 Qd2 39. Qb7 Qc1+ 40. Ke2 Rd8
41. Be3 Qh1 42. Kf3 Bh4 43. Bxh6 Qd1+ 44. Ke3 Qc1+ 45. Ke2 Qxh6 46. Bf5 Qh5+
47. g4 Qh6 48. Qxb5 Qf4 49. Qb4 Qxh2+ 50. Kd3 Be7 51. Qxe7 Rb8 52. Qb4 Rxb4 53.
axb4 Qa2 54. Kc3 Qa3+ 55. Kc2 Qxb4 56. g5 Qc5+ 57. Kd3 Qa3+ 58. Kc2 {
Hossa resigns} 0-1

[Event "ICS rated blitz match"]
[Site "204.178.125.65"]
[Date "1999.11.04"]
[Round "?"]
[White "motorhome"]
[Black "Hossa"]
[Result "0-1"]
[WhiteElo "2190"]
[BlackElo "2476"]
[PlyCount "84"]
[EventDate "1999.??.??"]

1. e4 c5 2. d4 cxd4 3. c3 Nf6 4. e5 Nd5 5. cxd4 d6 6. exd6 e6 7. Nc3 Bxd6 8.
Nf3 O-O 9. Bd3 Nf4 10. Bxf4 Bxf4 11. h4 Nc6 12. Bxh7+ Kxh7 13. Ng5+ Kh6 14. g3
Bc7 15. Qd3 g6 16. h5 Kxg5 17. Ne4+ Kh6 18. hxg6+ Kg7 19. Rh7+ Kxg6 20. Nd6+ f5
21. Rh3 Ba5+ 22. Ke2 Qxd6 23. Rah1 Qxd4 24. Rh6+ Kf7 25. Rh7+ Kg8 26. Rh8+ Qxh8
27. Rxh8+ Kxh8 28. Qe3 Kh7 29. Qg5 Bd8 30. Qh5+ Kg7 31. f3 Rh8 32. g4 Rxh5 33.
gxh5 Kh6 34. Ke3 Bf6 35. b3 Bd7 36. f4 Kxh5 37. a4 Nb4 38. a5 Kg4 39. Kd2 Kf3
40. a6 Rd8 41. Kc1 Bb5 42. Kb1 42... Rd1# {motorhome checkmated} 0-1

[Event "ICS rated blitz match"]
[Site "204.178.125.65"]
[Date "1999.11.04"]
[Round "?"]
[White "Hossa"]
[Black "brutus"]
[Result "1-0"]
[WhiteElo "2481"]
[BlackElo "2221"]
[PlyCount "91"]
[EventDate "1999.??.??"]

1. d4 Nf6 2. Nf3 d5 3. e3 g6 4. Bd3 Bg7 5. O-O O-O 6. c4 c6 7. Nc3 Bg4 8. b3 e6
9. Ba3 Re8 10. Bb2 Nbd7 11. Be2 Nb6 12. Ne5 Bxe2 13. Qxe2 a6 14. Qf3 Qe7 15.
Rac1 Rec8 16. e4 dxe4 17. Nxe4 Nxe4 18. Qxe4 Nd7 19. Nxd7 Qxd7 20. Rcd1 Rd8 21.
Rd3 Qc7 22. Bc3 Rd7 23. Re1 Rad8 24. Red1 Qb6 25. R1d2 Qc7 26. f4 Qb6 27. Rd1
Qc7 28. Bb4 Qb6 29. Bc5 Qc7 30. Kh1 Qa5 31. a3 Qc7 32. a4 Qa5 33. Kg1 Qc7 34.
R1d2 Qa5 35. Kh1 Qc7 36. Qe3 Qa5 37. d5 Re8 38. b4 Qc7 39. dxe6 Rxd3 40. Qxd3
fxe6 41. Qd7 Rc8 42. Qxe6+ Kh8 43. Rd7 Qb8 44. Qf7 Rg8 45. Bd4 Qf8 46. Qxf8 {
brutus resigns} 1-0

[Event "ICS Rated blitz match"]
[Site "204.178.125.65"]
[Date "1999.11.04"]
[Round "?"]
[White "Hossa"]
[Black "brutus"]
[Result "1-0"]
[WhiteElo "2493"]
[BlackElo "2209"]
[PlyCount "131"]
[EventDate "1999.??.??"]

1. d4 Nf6 2. Nf3 g6 3. g3 Bg7 4. Bg2 O-O 5. O-O d5 6. c4 c6 7. cxd5 cxd5 8. Nc3
Bg4 9. Ne5 Bf5 10. f3 Nbd7 11. e4 Be6 12. Nxd7 Qxd7 13. e5 Ne8 14. Re1 Nc7 15.
Qb3 b6 16. Bg5 h6 17. Bf4 Rfd8 18. Qb4 Bf8 19. Rac1 Bh3 20. e6 Bxe6 21. Bxc7
Qxc7 22. Nxd5 Qd6 23. Qxd6 Rxd6 24. Nc7 Rc8 25. Nxe6 Rxc1 26. Rxc1 Rxe6 27. Kf2
Rd6 28. Ke3 Rd7 29. Rc8 Kg7 30. f4 e6 31. Bc6 Rd6 32. Rc7 Kg8 33. Be8 Bg7 34.
Bxf7+ Kf8 35. Bxg6 Bxd4+ 36. Ke4 a5 37. b3 Bg7 38. Rf7+ Kg8 39. Rb7 Kf8 40. a4
Kg8 41. Rb8+ Bf8 42. Ke5 Rc6 43. Be4 Rc3 44. Rxb6 Kf7 45. Rxe6 Bg7+ 46. Kd6
Rxb3 47. Bd5 Rb6+ 48. Kd7 Rxe6 49. f5 Kf6 50. fxe6 Bf8 51. g4 Be7 52. h4 Bf8
53. g5+ hxg5 54. hxg5+ Kxg5 55. e7 Bxe7 56. Kxe7 Kf4 57. Kd6 Ke3 58. Kc5 Kd3
59. Kb6 Kd4 60. Bc6 Ke5 61. Kxa5 Kd6 62. Kb6 Ke7 63. a5 Ke6 64. a6 Kd6 65. a7
Ke5 66. a8=Q {brutus resigns} 1-0

[Event "ICS rated blitz match"]
[Site "204.178.125.65"]
[Date "1999.11.04"]
[Round "?"]
[White "Hossa"]
[Black "brutus"]
[Result "1-0"]
[WhiteElo "2503"]
[BlackElo "2199"]
[PlyCount "55"]
[EventDate "1999.??.??"]

1. d4 Nf6 2. Nf3 g6 3. g3 Bg7 4. Bg2 O-O 5. O-O d5 6. c4 c6 7. cxd5 cxd5 8. Nc3
e6 9. Bg5 Nbd7 10. Rc1 b6 11. Qd2 Ba6 12. Rfe1 Qb8 13. Bh6 Qd6 14. Bxg7 Kxg7
15. a3 Rac8 16. Ng5 Bb7 17. Nb5 Qb8 18. Rxc8 Rxc8 19. Qb4 h6 20. Nf3 Ba6 21.
Nc3 Qc7 22. e3 Bd3 23. a4 Ne4 24. Rc1 Qb7 25. Ne1 Nxc3 26. Rxc3 Rxc3 27. Qxc3
Bc4 28. Qxc4 {brutus resigns} 1-0

[Event "ICS rated blitz match"]
[Site "204.178.125.65"]
[Date "1999.11.04"]
[Round "?"]
[White "Colorado"]
[Black "Hossa"]
[Result "1-0"]
[WhiteElo "2647"]
[BlackElo "2508"]
[PlyCount "166"]
[EventDate "1999.??.??"]

1. Nf3 Nf6 2. Nc3 d5 3. e3 e6 4. Be2 Be7 5. O-O c5 6. d4 b6 7. dxc5 bxc5 8.
Bb5+ Bd7 9. Ne5 Bxb5 10. Nxb5 a6 11. Nc3 O-O 12. Qf3 Bd6 13. Nc4 Bc7 14. Rd1
Nbd7 15. Nd2 Be5 16. Ne2 Qb8 17. Ng3 Qb4 18. Re1 Rab8 19. c3 Qh4 20. Qe2 Rb6
21. e4 Bf4 22. exd5 Nxd5 23. c4 Bxd2 24. Bxd2 N5f6 25. Bc3 Ng4 26. h3 Ngf6 27.
Rad1 Rb7 28. Qf3 Rfb8 29. Be5 Qxc4 30. Nh5 Nd5 31. Bxb8 Rxb8 32. Qg3 g6 33.
Rxd5 Qxd5 34. Qxb8+ Nxb8 35. Nf6+ Kf8 36. Nxd5 exd5 37. Re5 Nd7 38. Rxd5 Ke7
39. Rd3 h5 40. Ra3 Nb8 41. Rb3 Nc6 42. Rb7+ Kf8 43. Rc7 Nb4 44. Rxc5 Nxa2 45.
Rc4 Kg7 46. Ra4 Nc1 47. Rxa6 Nd3 48. Rb6 f5 49. b4 Nf4 50. b5 Ne2+ 51. Kf1 Nd4
52. Rb7+ Kf6 53. b6 Ke6 54. Rg7 Nc6 55. Rxg6+ Kd7 56. Rxc6 Kxc6 57. g4 f4 58.
gxh5 Kxb6 59. h6 f3 60. h7 Kc6 61. h8=Q Kd6 62. Qe5+ Kxe5 63. Ke1 Kd5 64. Kd2
Kd4 65. h4 Ke4 66. h5 Kf5 67. Ke3 Kg5 68. Kxf3 Kxh5 69. Kf4 Kg6 70. Ke5 Kf7 71.
f3 Kg7 72. f4 Kg6 73. Ke6 Kg7 74. f5 Kf8 75. Kf6 Ke8 76. Kg7 Ke7 77. f6+ Ke6
78. f7 Kf5 79. f8=Q+ Ke4 80. Kg6 Kd5 81. Kf5 Kd4 82. Qb4+ Ke3 83. Kg4 83... Kd3
{Hossa resigns} 1-0

[Event "ICS rated blitz match"]
[Site "204.178.125.65"]
[Date "1999.11.04"]
[Round "?"]
[White "Hossa"]
[Black "PackMaster"]
[Result "0-1"]
[WhiteElo "2498"]
[BlackElo "2524"]
[PlyCount "103"]
[EventDate "1999.??.??"]

1. Nf3 d5 2. e3 Nf6 3. Bb5+ Bd7 4. Be2 e6 5. d4 Be7 6. c4 dxc4 7. Bxc4 O-O 8.
O-O Nc6 9. Nc3 Ne8 10. e4 Nd6 11. Bb3 Na5 12. Bc2 Nc6 13. Re1 Nc4 14. Ba4 Re8
15. b3 Bb4 16. Qd3 Nb6 17. Bxc6 Bxc6 18. Re3 Bxc3 19. Qxc3 f5 20. Ne5 Bxe4 21.
Rg3 g6 22. Bg5 Qd6 23. f3 Bd5 24. Bf4 Qe7 25. Rc1 c6 26. Bh6 Qd6 27. Qe3 Nd7
28. Nxd7 Qxd7 29. Qe5 a5 30. Rg5 a4 31. Rb1 axb3 32. axb3 Ra2 33. b4 Rd8 34.
Kh1 Bc4 35. d5 Re2 36. Qf6 exd5 37. Rg1 Rde8 38. Qc3 Qe7 39. Qd4 Ra8 40. h4 Ra4
41. h5 Rxb4 42. Qf4 Bd3 43. Qb8+ Kf7 44. f4 Re1 45. hxg6+ hxg6 46. Kh2 Rxg1 47.
Qe5 Qxe5 48. fxe5 Re1 49. Rg3 Rh4+ 50. Rh3 Rxh3+ 51. gxh3 Rxe5 52. Bf4 {
Hossa resigns} 0-1

[Event "ICS rated blitz match"]
[Site "204.178.125.65"]
[Date "1999.11.04"]
[Round "?"]
[White "Hossa"]
[Black "Nick"]
[Result "0-1"]
[WhiteElo "2483"]
[BlackElo "2091"]
[PlyCount "125"]
[EventDate "1999.??.??"]

1. d4 d5 2. c4 e6 3. cxd5 exd5 4. Nc3 Nf6 5. Bg5 c6 6. e3 Be7 7. Bd3 O-O 8.
Nge2 Bg4 9. f3 Bh5 10. Ng3 Bg6 11. Nf5 Qd7 12. Nxe7+ Qxe7 13. Be2 Nbd7 14. O-O
h6 15. Bf4 Nh5 16. Qd2 Nxf4 17. exf4 Rfe8 18. Rfe1 Qe3+ 19. Qxe3 Rxe3 20. Kf2
Rae8 21. Bf1 Rxe1 22. Rxe1 Kf8 23. Rxe8+ Kxe8 24. g4 f6 25. b4 Ke7 26. b5 Kd6
27. bxc6 bxc6 28. h4 Be8 29. Ke3 Nb8 30. Na4 Nd7 31. Nc3 Nb6 32. a4 a5 33. Ba6
c5 34. Nb5+ Kc6 35. Na7+ Kd6 36. Nb5+ Bxb5 37. axb5 c4 38. Kd2 Kc7 39. f5 Nc8
40. Ke2 Nd6 41. Kd2 Kb6 42. Kc2 Nxb5 43. Bxb5 Kxb5 44. Kc3 a4 45. h5 a3 46. f4
a2 47. Kb2 a1=Q+ 48. Kxa1 c3 49. Kb1 Kc4 50. Kc2 Kxd4 51. g5 Kc4 52. g6 d4 53.
Kc1 d3 54. Kd1 Kb3 55. Ke1 c2 56. Kd2 Kb2 57. Kxd3 c1=Q 58. Ke4 Qc5 59. Kf3 Kc3
60. Ke2 Qd4 61. Kf1 Qd2 62. Kg1 Kd3 63. Kh1 {Hossa resigns} 0-1

[Event "ICS rated blitz match"]
[Site "204.178.125.65"]
[Date "1999.11.04"]
[Round "?"]
[White "Hossa"]
[Black "PostModernist"]
[Result "0-1"]
[WhiteElo "2480"]
[BlackElo "2547"]
[PlyCount "136"]
[EventDate "1999.??.??"]

1. d4 Nf6 2. Nf3 g6 3. g3 Bg7 4. Bg2 d6 5. O-O O-O 6. Nc3 Nbd7 7. Bf4 Nb6 8. e4
Be6 9. Qc1 Qd7 10. Bh6 Bh3 11. Bxg7 Bxg2 12. Bxf8 Bxf1 13. Qh6 Rxf8 14. Rxf1
Na4 15. Ng5 Nxc3 16. bxc3 Qg4 17. Rb1 b6 18. f3 Qh5 19. Qxh5 Nxh5 20. Kf2 Nf6
21. c4 Kg7 22. c3 c5 23. Ke3 e5 24. Kd3 Nd7 25. f4 exf4 26. gxf4 Re8 27. Rg1
Nf6 28. e5 Nh5 29. Nh3 dxe5 30. fxe5 f6 31. exf6+ Nxf6 32. Nf4 Ne4 33. d5 Nf2+
34. Kd2 Re5 35. Rg2 Ne4+ 36. Kd3 Nd6 37. Re2 Rxe2 38. Nxe2 Nf7 39. Ke4 Kf6 40.
Nf4 Ne5 41. Ne6 Nxc4 42. Nf8 Nd6+ 43. Kd3 h5 44. a4 Kf5 45. Nd7 Kg4 46. Ne5+
Kh3 47. Nxg6 Kxh2 48. Ne5 h4 49. Nc4 h3 50. Ne3 Kg1 51. Ng4 h2 52. Nxh2 Kxh2
53. c4 Kg3 54. Kc3 Kf3 55. Kd3 Kf4 56. Kc3 Ke3 57. Kc2 Kd4 58. Kb3 Kd3 59. a5
Nxc4 60. axb6 axb6 61. Ka4 Nd6 62. Ka3 c4 63. Kb2 c3+ 64. Ka2 c2 65. Kb2 Nc4+
66. Kb3 c1=Q 67. Ka4 Qb1 68. d6 68... b5# {Hossa checkmated} 0-1

[Event "ICS rated blitz match"]
[Site "204.178.125.65"]
[Date "1999.11.04"]
[Round "?"]
[White "Hossa"]
[Black "Nick"]
[Result "1-0"]
[WhiteElo "2471"]
[BlackElo "2394"]
[PlyCount "73"]
[EventDate "1999.??.??"]

1. d4 d5 2. c4 e6 3. Nf3 Nf6 4. Nc3 Be7 5. Bg5 O-O 6. e3 Nbd7 7. Bd3 a6 8. O-O
dxc4 9. Bxc4 b5 10. Bb3 c5 11. Ne5 Bb7 12. Rc1 Rc8 13. f4 Ne4 14. Nxe4 Bxe4 15.
Bxe7 Qxe7 16. Nxd7 Qxd7 17. dxc5 Qc6 18. Rf2 Rfd8 19. Rd2 Rxd2 20. Qxd2 Qa8 21.
Bc2 Bd5 22. b4 a5 23. bxa5 Rxc5 24. Bxh7+ Kxh7 25. Rxc5 Qb7 26. Qe2 g6 27. Rxb5
Qc6 28. Qb2 e5 29. fxe5 Be6 30. a4 Qc4 31. Qd4 Qc1+ 32. Kf2 Qc2+ 33. Kg3 Qc8
34. Qh4+ Kg8 35. Qb4 Qd8 36. Rb8 Bc8 37. Qg4 {Nick resigns} 1-0

[Event "ICS unrated blitz match"]
[Site "204.178.125.65"]
[Date "1999.11.04"]
[Round "?"]
[White "Moron"]
[Black "Hossa"]
[Result "1/2-1/2"]
[WhiteElo "2891"]
[BlackElo "2475"]
[PlyCount "74"]
[EventDate "1999.??.??"]

1. e4 c5 2. Nf3 e6 3. d4 cxd4 4. Nxd4 Nc6 5. Nb5 d6 6. c4 Nf6 7. N1c3 a6 8. Na3
Be7 9. Be2 O-O 10. O-O b6 11. Be3 Ne5 12. f4 Ned7 13. Bf3 Bb7 14. Qe2 Rc8 15.
Rac1 Qc7 16. g4 Nc5 17. Bd2 Qc6 18. e5 Nfe4 19. Nxe4 Nxe4 20. Bb4 f5 21. gxf5
exf5 22. Nc2 Qe8 23. Qe3 Qg6+ 24. Kh1 Qh6 25. Qxb6 Ng3+ 26. Kg2 Nxf1 27. Qxb7
Qxh2+ 28. Kxf1 Qxf4 29. Re1 Kh8 30. b3 Rc7 31. Qxc7 Qxf3+ 32. Kg1 Qg3+ 33. Kh1
Qh3+ 34. Kg1 Qg3+ 35. Kh1 Qh3+ 36. Kg1 Qg3+ 37. Kh1 37... Qh3+ {
Game drawn by repetition} 1/2-1/2

[Event "ICS rated blitz match"]
[Site "204.178.125.65"]
[Date "1999.11.04"]
[Round "?"]
[White "Hossa"]
[Black "PostModernist"]
[Result "1-0"]
[WhiteElo "2472"]
[BlackElo "2538"]
[PlyCount "133"]
[EventDate "1999.??.??"]

1. e4 c5 2. c3 d5 3. exd5 Qxd5 4. d4 e6 5. Nf3 Nf6 6. Bd3 Be7 7. O-O O-O 8. c4
Qd8 9. dxc5 Bxc5 10. Nc3 Nc6 11. Bg5 Be7 12. Qb1 h6 13. Bf4 Bc5 14. Nb5 Bd7 15.
Bd6 Bxd6 16. Nxd6 Qb6 17. Rd1 Nd4 18. Nxd4 Qxd6 19. Nf3 Qc7 20. Qc2 Bc6 21. Qe2
Bxf3 22. Qxf3 Rfd8 23. Rd2 Nd7 24. Rad1 Ne5 25. Qe4 f5 26. Qf4 g5 27. Qe3 Kf7
28. Re1 Nxd3 29. Rxd3 Rxd3 30. Qxd3 Rd8 31. Qh3 Qa5 32. Qh5+ Ke7 33. Kf1 Qxa2
34. Qxh6 Qxc4+ 35. Kg1 Rd6 36. Qxg5+ Kd7 37. Qh6 Qc2 38. Qg7+ Kc6 39. Qe5 a6
40. h4 b5 41. f4 a5 42. h5 b4 43. h6 Rd2 44. Qxe6+ Kc7 45. Qe7+ Kc8 46. Qe8+
Rd8 47. h7 Qxb2 48. Qc6+ Kb8 49. Qb5+ Kc8 50. Qxa5 Qd4+ 51. Kh1 b3 52. Qxf5+
Kb7 53. Qb5+ Kc7 54. Qxb3 Rh8 55. Qf7+ Kd8 56. Qe7+ Kc8 57. Rc1+ Kb8 58. Qc7+
Ka8 59. Rb1 Rxh7+ 60. Qxh7 Qb6 61. Qe4+ Ka7 62. Qa4+ Kb7 63. Qd7+ Ka8 64. Qc8+
Ka7 65. Ra1+ Qa5 66. Qc7+ Ka6 67. Rxa5# {PostModernist checkmated} 1-0

[Event "ICS rated blitz match"]
[Site "204.178.125.65"]
[Date "1999.11.04"]
[Round "?"]
[White "PostModernist"]
[Black "Hossa"]
[Result "1-0"]
[WhiteElo "2519"]
[BlackElo "2491"]
[Annotator "Hiarcs 7.32 (22s)"]
[PlyCount "114"]
[EventDate "1999.??.??"]

1. e4 e5 2. Nf3 Nc6 3. Bb5 a6 4. Ba4 b5 5. Bb3 Nf6 6. d3 {Deckt e4} 6... d5 7.
exd5 Nxd5 8. O-O 8... Be7 $14 (8... Bg4 9. Re1 $1 {Weiss kommt in Vorteil} 9...
Bc5 10. h3 $16) 9. Re1 9... f6 {Befestigt g5} 10. d4 exd4 (10... Nb6 11. dxe5
Qxd1 12. Rxd1 fxe5 13. Re1 $14) 11. Nxd4 Nxd4 12. Qxd4 12... c6 $18 (12... Bb7
13. Qg4 g6 14. Qe6 $16) 13. a4 Bb7 14. axb5 axb5 15. Rxa8 Bxa8 16. Bxd5 cxd5
17. Qc5 Kf7 18. Qxb5 Re8 19. Nc3 Qd6 20. Rd1 Rd8 21. Rd4 $16 (21. Qd3 $5 21...
g6 $18) 21... Qe5 22. Qd3 Kg8 (22... Bc6 23. Bf4 Qe1+ 24. Qf1 Qxf1+ 25. Kxf1
$14) 23. Bf4 (23. Be3 23... f5 $16) 23... Qe1+ 24. Qf1 Qe6 25. Nb5 Bc5 26. Ra4
$14 (26. Rd3 $5 $16) 26... Bb7 $16 (26... Qf5 $5 {kam sehr in Betracht} 27. Qc1
27... Qd7 $11) 27. c3 Qg4 (27... Re8 28. b4 Qe4 29. Bg3 $18) 28. b3 $14 (28. h3
$5 28... Qd7 29. Ra1 $16) 28... Ra8 $18 (28... Bc6 29. h3 29... Qd7 $11) 29.
Rxa8+ $16 (29. h3 29... Qd7 $18) 29... Bxa8 30. g3 $11 (30. Bg3 $5 $16 $142)
30... Bc6 $16 (30... Qf3 $5 $142 {und Schwarz kann noch kaempfen} 31. Qe1 d4
32. Qe6+ Kf8 33. Qc8+ Kf7 34. Qd7+ Kg6 35. Qe8+ Kf5 36. Nxd4+ Bxd4 37. Qd7+ Kg6
38. Qe8+ Kf5 39. Qc8+ Kg6 40. Qe8+ 40... Kf5 $11) 31. Qd3 $14 (31. b4 Qf3 32.
Nd4 Bxd4 33. cxd4 33... Qb3 $16) 31... Kh8 $2 $18 (31... Qe6 $5 $142 {
damit waere Schwarz im Spiel geblieben} 32. Nd4 Bxd4 33. Qxd4 Qe1+ 34. Kg2 Qe4+
35. Qxe4 35... dxe4 $16) 32. Nd4 Bb7 33. f3 Qc8 34. h4 $16 (34. Be3 Ba6 35. Qd2
Bxd4 36. Bxd4 36... Qf5 $18) 34... Qe8 $18 (34... Ba6 35. Qd1 $16) 35. b4 $14 (
35. Kf2 $5 $18 $142) 35... Bb6 $18 (35... Qe1+ $5 $142 {ist zu erwaegen} 36.
Kg2 Bxd4 37. Qxd4 37... Ba6 $14) 36. Qe3 $14 (36. Kg2 $5 $18 $142) 36... Qd7
$18 (36... Bxd4 $5 $142 {ist zu beachten} 37. cxd4 Qxe3+ 38. Bxe3 38... Bc6 $14
) 37. Kf2 Ba6 38. g4 f5 39. g5 Bc4 40. Qe5 {Weiss erlangt Initiative} 40... Ba7
$2 (40... Bxd4+ $142 41. Qxd4 41... Kg8 $18) 41. Kg3 Bb6 (41... Kg8 42. Nxf5
42... Bb3 $18) 42. Nxf5 (42. Ne6 $5 {erleichterte Weiss die Gewinnfuehrung}
42... d4 43. Qb8+ Bd8 44. Nxd8 44... Qe8 $18) 42... Bf1 (42... Kg8 {
ist der letzte Strohhalm} 43. Nxg7 $1 {
Rueckgabe des Materials ist das staerkste} 43... Bc7 44. Qe8+ Qxe8 45. Nxe8
45... Bd8 $18) 43. Qb8+ Bd8 44. Kf2 $1 {huebsch} 44... Bd3 (44... Ba6 {
kann das Vorangegangene nicht ungeschehen machen} 45. Nd6 Kg8 46. Qa8 $18) 45.
Nd6 $1 {triumphiert} 45... d4 (45... Kg8 {aendert nichts mehr} 46. Nb7 d4 47.
Nxd8 $18) 46. Bd2 Kg8 (46... Bg6 {hilft allerdings auch nicht} 47. Nb7 dxc3 48.
Bxc3 $18) 47. Nb7 dxc3 48. Bxc3 $1 {ganz unerschrocken} 48... h6 (48... Bf5 {
aendert nichts am Ausgang der Partie} 49. Nxd8 Qe8 50. Qb7 $18) 49. gxh6 (49.
Nxd8 $5 {ginge schneller} 49... Kh7 50. gxh6 Qh3 51. hxg7 Qf1+ 52. Ke3 Qe2+ 53.
Kd4 53... Bc4 $18) 49... Kh7 (49... Qc7 {nuetzt auch nichts mehr} 50. Qxd8+
Qxd8 51. Nxd8 gxh6 52. Nc6 $18) 50. hxg7 $1 {logisch und kraftvoll} 50... Bxh4+
{Der Freibauer g7 fuehrt schnell zu Drohungen} 51. Kg2 {Es droht Matt} 51...
Bf1+ 52. Kxf1 Qd3+ 53. Kg2 Qe2+ 54. Kh3 Qxf3+ 55. Kxh4 Qe4+ 56. Kg3 {Droht Matt
} 56... Qe3+ 57. Kg4 $1 {zwingend und schoen} 57... Qe2+ 1-0

[Event "ICS rated blitz match"]
[Site "204.178.125.65"]
[Date "1999.11.04"]
[Round "?"]
[White "Hossa"]
[Black "PostModernist"]
[Result "1-0"]
[WhiteElo "2476"]
[BlackElo "2534"]
[PlyCount "121"]
[EventDate "1999.??.??"]

1. e4 c6 2. d4 d5 3. Nc3 dxe4 4. Nxe4 Nd7 5. Bc4 Ngf6 6. Ng5 e6 7. Qe2 Nb6 8.
Bd3 h6 9. N5f3 c5 10. c3 a6 11. Bd2 Bd6 12. Ne5 cxd4 13. cxd4 Na4 14. Rb1 O-O
15. Ngf3 Bd7 16. Nxd7 Qxd7 17. b3 Nb6 18. O-O Rac8 19. Rbc1 Rxc1 20. Rxc1 Rc8
21. Rxc8+ Qxc8 22. a4 Nbd5 23. Ne5 Bb4 24. Bxb4 Nxb4 25. Bc4 Qd8 26. Nxf7 Kxf7
27. Qxe6+ Kg6 28. Qf7+ Kh7 29. Qxb7 a5 30. Qb5 Qxd4 31. Qf5+ g6 32. Qxa5 Qd1+
33. Bf1 Nfd5 34. Qa7+ Kg8 35. a5 Qg4 36. Qb8+ Kg7 37. a6 Qd4 38. Qb7+ Kh8 39.
a7 Nb6 40. Qxb6 Qxb6 41. a8=Q+ Kg7 42. Bc4 Qd6 43. Qa1+ Kh7 44. Qa7+ Kh8 45. h4
Qf8 46. Qb7 g5 47. hxg5 hxg5 48. Qd7 g4 49. Qxg4 Kh7 50. Qh5+ Kg7 51. Qg5+ Kh7
52. g3 Qe8 53. Kf1 Qf8 54. f4 Kh8 55. Qg6 Na2 56. f5 Nc1 57. f6 Qxf6+ 58. Qxf6+
Kh7 59. Bf7 Nd3 60. Qg6+ Kh8 61. Qh6# {PostModernist checkmated} 1-0

[Event "ICS rated blitz match"]
[Site "204.178.125.65"]
[Date "1999.11.04"]
[Round "?"]
[White "PostModernist"]
[Black "Hossa"]
[Result "0-1"]
[WhiteElo "2515"]
[BlackElo "2495"]
[PlyCount "170"]
[EventDate "1999.??.??"]

1. d4 Nf6 2. c4 e6 3. Nf3 Bb4+ 4. Bd2 Qe7 5. g3 Nc6 6. Nc3 d5 7. cxd5 exd5 8.
Bg5 Be6 9. Bg2 O-O 10. O-O Rfe8 11. Ne5 Bxc3 12. bxc3 h6 13. Nxc6 bxc6 14. Bxf6
Qxf6 15. Rb1 Bf5 16. Rb7 Bc8 17. Rb2 Ba6 18. Bf3 Rab8 19. Qc2 Rb6 20. Rb4 Rxb4
21. cxb4 Bc4 22. Qd2 Re7 23. Rc1 Qf5 24. a4 Qf6 25. Kg2 Qe6 26. e3 Qf5 27. h4
Re6 28. Qd1 Rf6 29. Rc3 a6 30. g4 Rg6 31. Rc1 Qe6 32. h5 Rg5 33. Rb1 f5 34. Kg3
fxg4 35. Bxg4 g6 36. Kh3 Rxh5+ 37. Kg3 Rg5 38. f3 h5 39. Kf4 Qf6+ 40. Kg3 Qd6+
41. Kh3 hxg4+ 42. fxg4 Qe7 43. Qf3 Bd3 44. Rg1 Bf5 45. Kh2 Rh5+ 46. gxh5 Qh4+
47. Kg2 Be4 48. Qxe4 Qxe4+ 49. Kf2 Qh4+ 50. Ke2 Qxh5+ 51. Kd3 Qf5+ 52. Kc3 g5
53. a5 g4 54. Rg3 Kf7 55. Rg1 Qf2 56. Rc1 g3 57. e4 Qe3+ 58. Kb2 Qxc1+ 59. Kxc1
g2 60. exd5 g1=Q+ 61. Kc2 Qxd4 62. dxc6 Qxb4 63. Kd3 Kg6 64. Ke3 Qxa5 65. Kf3
Kf5 66. Ke3 Qd2+ 67. Kxd2 Ke6 68. Kc3 Kd6 69. Kb4 Kxc6 70. Kc4 a5 71. Kd4 Kb5
72. Kc3 a4 73. Kb2 Kb4 74. Kc2 c5 75. Kb1 c4 76. Kb2 a3+ 77. Kc1 c3 78. Kb1 Kc4
79. Kc1 a2 80. Kc2 Kd4 81. Kd1 c2+ 82. Ke2 c1=Q 83. Kf3 Qg5 84. Kf2 a1=Q 85.
Ke2 85... Qg2# {PostModernist checkmated} 0-1

[Event "ICS rated blitz match"]
[Site "204.178.125.65"]
[Date "1999.11.04"]
[Round "?"]
[White "Hossa"]
[Black "PostModernist"]
[Result "0-1"]
[WhiteElo "2508"]
[BlackElo "2498"]
[PlyCount "126"]
[EventDate "1999.??.??"]

1. e4 c5 2. c3 e6 3. d4 d5 4. exd5 exd5 5. Nf3 Nc6 6. Nbd2 a6 7. Be2 cxd4 8.
cxd4 Nf6 9. O-O Bd6 10. Nb3 O-O 11. Bg5 Re8 12. Re1 Bg4 13. Nbd2 Bc7 14. Qb3
Bxf3 15. Nxf3 Ba5 16. Qxb7 Bxe1 17. Rxe1 Qd6 18. Qb3 Rab8 19. Qc2 Ne4 20. Be3
a5 21. Rc1 Na7 22. Qb1 Nb5 23. Qd3 Nc7 24. Rc2 Rbc8 25. Ne5 f6 26. Nc6 a4 27.
Bh5 g6 28. Bf3 Ra8 29. b4 axb3 30. Qxb3 Ng5 31. Be2 Nce6 32. Qb7 Nf7 33. Bf3
Ra3 34. Bxd5 Qc7 35. Qb4 Qd6 36. Qc4 Qd7 37. Rd2 Nd6 38. Qb4 Raa8 39. Rd3 Rac8
40. Bxe6+ Rxe6 41. d5 Re4 42. Qc3 Qf5 43. f3 Ree8 44. a4 Rc7 45. Bh6 g5 46. f4
Qg6 47. fxg5 fxg5 48. Bxg5 Ne4 49. Qc1 Nxg5 50. Rg3 h6 51. h4 Qd6 52. Rd3 Ne4
53. Qe3 Rg7 54. Qf3 Ng3 55. Qd1 Ne2+ 56. Kh1 Qg6 57. Qf1 Qxd3 58. Qf2 Rf7 59.
Qg1 Qe4 60. Qd4 Nxd4 61. Ne7+ Rexe7 62. Kg1 Rf1+ 63. Kxf1 63... Qe1# {
Hossa checkmated} 0-1

[Event "ICS rated blitz match"]
[Site "204.178.125.65"]
[Date "1999.11.04"]
[Round "?"]
[White "PostModernist"]
[Black "Hossa"]
[Result "1-0"]
[WhiteElo "2514"]
[BlackElo "2492"]
[PlyCount "112"]
[EventDate "1999.??.??"]

1. e4 c5 2. Nf3 d6 3. Nc3 e6 4. d4 cxd4 5. Nxd4 Nf6 6. Be3 Be7 7. f3 O-O 8. Qd2
d5 9. e5 Nfd7 10. f4 Nc6 11. Be2 Nxd4 12. Bxd4 Nb8 13. O-O-O Nc6 14. g3 Nxd4
15. Qxd4 b6 16. f5 Bc5 17. Qf4 Bb7 18. f6 Kh8 19. b4 d4 20. Rhg1 Bxb4 21. Rxd4
Ba3+ 22. Kb1 Bd5 23. fxg7+ Kxg7 24. Nxd5 exd5 25. Qf5 Qe7 26. Rg4+ Kh8 27. Bd3
f6 28. e6 Rab8 29. Rh4 Rb7 30. Qh3 f5 31. Bxf5 Rxf5 32. Qxf5 Qg7 33. c3 Qxc3
34. Qc2 Qc5 35. Rd1 Qxc2+ 36. Kxc2 Re7 37. Ra4 Bd6 38. Rxd5 Rxe6 39. Rxa7 Bf8
40. Rf5 Bh6 41. Rff7 Re2+ 42. Kd1 Rd2+ 43. Ke1 Kg8 44. Rfc7 Rd5 45. Rxh7 Rh5
46. Rhb7 Bf8 47. Rxb6 Rxh2 48. a4 Rg2 49. Ra8 Rxg3 50. Rf6 Ra3 51. Raxf8+ Kg7
52. R8f7+ Kg8 53. Ra7 Rd3 54. Rff7 Re3+ 55. Kd2 Rg3 56. Rfb7 56... Rg2+ {
Hossa resigns} 1-0

[Event "ICS rated blitz match"]
[Site "204.178.125.65"]
[Date "1999.11.04"]
[Round "?"]
[White "Hossa"]
[Black "PostModernist"]
[Result "0-1"]
[WhiteElo "2477"]
[BlackElo "2529"]
[PlyCount "123"]
[EventDate "1999.??.??"]

1. e4 c5 2. Nf3 Nc6 3. d4 cxd4 4. Nxd4 e5 5. Nb5 d6 6. Bc4 a6 7. N5c3 Nf6 8.
O-O Be7 9. Be3 O-O 10. f3 b5 11. Bb3 Na5 12. Nd5 Nxb3 13. Nxe7+ Qxe7 14. axb3
Rd8 15. Bb6 Rd7 16. Nc3 Bb7 17. Nd5 Bxd5 18. exd5 Rb7 19. Ba5 Rbb8 20. Qd2 Qa7+
21. Kh1 Rc8 22. Bb4 Qd4 23. Qxd4 exd4 24. Rfc1 Nxd5 25. Bxd6 Ne3 26. c3 d3 27.
Bf4 d2 28. Bxe3 dxc1=R+ 29. Rxc1 Re8 30. Re1 Rad8 31. Kg1 Rd3 32. Kf2 b4 33. c4
Rxb3 34. Bd4 Rxe1 35. Kxe1 Rd3 36. Bc5 b3 37. Ba3 Rd4 38. c5 Rc4 39. g4 Rc1+
40. Kd2 Rc2+ 41. Kd3 Rxh2 42. Ke4 Rc2 43. Kd5 Kf8 44. Kc6 Ke8 45. Kb7 Kd7 46.
Kxa6 Kc6 47. Ka5 Rf2 48. g5 Rxf3 49. Bb4 Rg3 50. Ka4 Rxg5 51. Kxb3 h5 52. Ka4
h4 53. Bd2 Rg4+ 54. b4 h3 55. Kb3 h2 56. Ka2 h1=Q 57. Kb2 Qd1 58. b5+ Kxc5 59.
Be3+ Kxb5 60. Bd4 Rg2+ 61. Bf2 Rxf2+ 62. Kc3 {Hossa resigns} 0-1